| Tag |
First Indicator |
Second Indicator |
Subfields |
| LEADER |
00000cam a2200000 4500 |
| 001 |
in00000077334 |
| 005 |
20151008052725.0 |
| 008 |
750606s1937 nyu 00000 eng u |
| 010 |
|
|
|a 37003300
|
| 035 |
|
|
|a (OCoLC)01379046
|
| 035 |
|
|
|9 AAH4628AM
|
| 040 |
|
|
|c GAS
|d TXA
|d UtOrBLW
|
| 049 |
|
|
|a TXAM
|c [87494]
|
| 050 |
0 |
0 |
|a HD8066
|b .K4
|
| 082 |
0 |
|
|a 331.0973
|
| 092 |
|
|
|a 331.0973
|b K27s
|
| 100 |
1 |
|
|a Keir, Malcolm,
|d 1887-
|
| 245 |
1 |
0 |
|a Labor's search for more /
|c by Malcolm Keir.
|
| 264 |
|
1 |
|a New York :
|b Ronald Press,
|c [1937]
|
| 264 |
|
4 |
|c [©1937]
|
| 300 |
|
|
|a xii, 527 pages ;
|c 22 cm.
|
| 336 |
|
|
|a text
|b txt
|2 rdacontent
|
| 337 |
|
|
|a unmediated
|b n
|2 rdamedia
|
| 338 |
|
|
|a volume
|b nc
|2 rdacarrier
|
| 504 |
|
|
|a "Selected references": pages 495-506.
|
| 650 |
|
0 |
|a Working class
|z United States
|x History.
|
| 650 |
|
0 |
|a Labor unions
|z United States
|x History.
|
| 650 |
|
0 |
|a Strikes and lockouts
|z United States.
|
| 650 |
|
0 |
|a Labor movement
|z United States
|x History.
|
| 650 |
|
0 |
|a Labor
|z United States
|x History.
|
| 999 |
|
|
|a MARS
|
| 999 |
f |
f |
|s 5dc72328-d378-3de9-a954-6ab07b3ab3af
|i 9ec84f3b-bb1b-356c-a532-f025d9bb2f2b
|t 0
|
| 952 |
f |
f |
|p ric
|a Texas A&M University
|b Rellis Campus
|c Joint Library Facility
|d Remote Storage
|t 0
|e HD8066 .K4
|h Library of Congress classification
|i unmediated -- volume
|m A14800713383
|
| 998 |
f |
f |
|a HD8066 .K4
|t 0
|l Remote Storage
|